Excavations in the necropolis of Salamis /

محفوظ في:

المؤلف الرئيسي: Karageorghis, Vassos (مؤلف)

مؤلفون آخرون: Helly, Bruno

التنسيق: كتاب

اللغة: English
French

منشور في: Nicosia : Published for the Republic of Cyprus by the Department of Antiquities, Cyprus, 1967-1978.

سلاسل: Salamis ; 3-5, 7.

الموضوعات:

الوسوم: إضافة وسم

لا توجد وسوم, كن أول من يضع وسما على هذه التسجيلة!

رقم الطلب: DF261 .S16 C9 v.1-4

LEADER 01030namaa2200313 4500
001 5875
003 OSt
005 20260104105243.0
008 130303m19671978cy ae b 001 0 eng d
035 |a ocm41100308 
040 |c ARCE Library 
041 0 |a eng  |a fre 
042 |a pcc 
043 |a a-cy--- 
050 4 |a DF261 .S16 C9 v.1-4 
100 1 |a Karageorghis, Vassos,  |e author 
245 1 0 |a Excavations in the necropolis of Salamis /  |c by Vassos Karageorghis. 
264 1 |a Nicosia :  |b Published for the Republic of Cyprus by the Department of Antiquities, Cyprus,  |c 1967-1978. 
300 |a 4 volumes :  |b illustrations (some color), plans ;  |c 30 cm. 
490 0 |a Salamis ;  |v 3-5, 7. 
504 |a Includes bibliographical references and index. 
546 |a English and French. 
650 0 |a Excavations (Archaeology)  |z Cyprus  |z Salamis (Extinct city) 
651 0 |a Cyprus  |x Antiquities. 
651 0 |a Salamis (Cyprus : Extinct city) 
700 1 |a Helly, Bruno,  |9 31897 
901 |a reviewed 
942 |c BK  |2 lcc 
999 |c 6001  |d 6001